| 000 | 00671nam a2200205 i 4500 | ||
|---|---|---|---|
| 001 | 71655 | ||
| 003 | ES-MaACL | ||
| 005 | 20230906171205.0 | ||
| 007 | t| | ||
| 008 | 040813s1984 sp ||||1| spa d | ||
| 100 | 1 |
_aGerard, Veronique. _956411 |
|
| 245 | 1 | 0 |
_aDe castillo a palacio _b: el Alcázar de Madrid en el siglo XVI / _cVeronique Gerard ; [traducido del francés por Juan del Agua]. |
| 260 |
_a[Bilbao] : _bXarait, _c[1984] |
||
| 300 |
_a182 p. ; _c19 cm. |
||
| 490 | 1 | _aLibros de arquitectura y arte | |
| 700 | 1 |
_aAgua, Juan del. _918596 |
|
| 830 | 0 |
_aLibros de arquitectura y arte _9183657 |
|
| 852 |
_aES-MaACL _jL-7531 _bR.108128 |
||
| 999 |
_c71655 _d71655 |
||